September 5th: Birthdays - Statistics

General Stats
  • This quiz has been taken 8 times
  • The average score is 4 of 8
Answer Stats
Year Clue Answer % Correct
1946 Part of band Queen Freddie Mercury
100%
1638 King of France Louis XIV
63%
1951 Actor in Batman Michael Keaton
63%
1929 Actor on Newhart Bob Newhart
50%
1847 Outlaw Jesse James
25%
1940 Actress in 100 Rifles Raquel Welch
25%
1927 Chairman of the US Federal Reserve Paul Volcker
13%
1973 Actress in Charmed Rose McGowan
13%
No matching quizzes found
Score Distribution
Percent of People with Each Score
Percentile by Number Answered
Your Score History
You have not taken this quiz